| 000 | 00507nam a22001457a 4500 | ||
|---|---|---|---|
| 020 | _a9781839211539 | ||
| 040 | _cNUST | ||
| 082 | _a006.3 ROT | ||
| 100 |
_aRothman, Denis _9103940 |
||
| 245 |
_aArtificial Intelligence by Example: _bAcquire Advanced AI, Machine Learning, and Deep Learning Design Skills |
||
| 250 | _a2nd Edition | ||
| 260 |
_aBirmingham: _bPACKT Publishing, _c2020. |
||
| 650 |
_aMachine Learning.Artificial Intelligence.Deep Learning Design Skills.NUSTTB2022 _9104136 |
||
| 942 |
_2ddc _cBK |
||
| 999 |
_c592564 _d592564 |
||